Science Quiz

Random Science or Clickable Quiz
Score 0/9 Timer 05:00
0 Plays Today
% Correct
less than 33% best or predicted
77.8%
25 or more bpm
69.4%
less than 92%
66.7%
50-75% best or predicted
61.1%
110 or more bpm
61.1%
More than 6.0 kPa
58.3%
33-50% best or predicted
58.3%
less than 8 kPa
47.2%
4.6-6.0 kPa
36.1%
Remove Ads.
Support Sporcle.
Get the best of Sporcle when you Go Orange. This ad-free experience offers more features, more stats, and more fun while also helping to support Sporcle. Thank you for becoming a member.

You're not logged in!

Compare scores with friends on all Sporcle quizzes.
OR
Log In

Show Comments

Extras

Top Quizzes Today


Score Distribution

Your Account Isn't Verified!

In order to create a playlist on Sporcle, you need to verify the email address you used during registration. Go to your Sporcle Settings to finish the process.

Report this User

Report this user for behavior that violates our Community Guidelines.

Details: